[Event "Continental Class-ch"]
[Site "Arlington"]
[Date "2011.10.06"]
[Round "1"]
[White "Bouzoukis, Charles"]
[Black "Friedel, Joshua E"]
[Result "0-1"]
[WhiteElo "2212"]
[BlackElo "2518"]
[PlyCount "82"]
[EventDate "2011.10.06"]
[EventType "swiss"]
[EventRounds "9"]
[EventCountry "USA"]
[SourceTitle "CBM 144 Extra"]
[Source "ChessBase"]
[SourceDate "2011.10.28"]
[SourceVersion "1"]
[SourceVersionDate "2011.10.28"]
[SourceQuality "1"]

1. f4 d5 2. e3 Nf6 3. Nf3 g6 4. Be2 Bg7 5. 0-0 0-0 6. d3 Nc6 7. c3 Qd6 8. d4 Bf5 9. Ne5 Ne4 10. Nd2 f6 11. Nxe4 Bxe4 12. Nxc6 bxc6 13. Bd3 a5 14. Bxe4 dxe4 15. Qc2 f5 16. b3 Rfb8 17. Bb2 Kf7 18. Rfd1 Bf6 19. a4 c5 20. Ba3 Qe6 21. Rab1 c4 22. b4 g5 23. bxa5 gxf4 24. exf4 Rxb1 25. Rxb1 Rxa5 26. Qe2 Rxa4 27. Bc5 Kg6 28. Re1 h5 29. g3 Qa6 30. Qb2 Qa8 31. Qe2 Ra1 32. Bb4 Qa2 33. Kf2 Qxe2+ 34. Rxe2 h4 35. Kg2 Kh5 36. Kh3 Rh1 37. Ra2 hxg3 38. Kxg3 Rf1 39. Ra7 Bh4+ 40. Kg2 Rf2+ 41. Kg1 e3 0-1

[Event "Malaga op 2nd"]
[Site "Malaga"]
[Date "1999.02.04"]
[Round "2"]
[White "Bouzoukis, Charles"]
[Black "San Segundo Carrillo, Pablo"]
[Result "0-1"]
[WhiteElo "2287"]
[BlackElo "2483"]
[PlyCount "139"]
[EventDate "1999.02.03"]
[EventType "swiss"]
[EventRounds "9"]
[EventCountry "ESP"]
[SourceTitle "CBM 068 Extra"]
[Source "ChessBase"]
[SourceDate "1999.03.01"]
[SourceVersion "1"]
[SourceVersionDate "1999.03.01"]
[SourceQuality "1"]

1. e4 c6 2. d4 d5 3. exd5 cxd5 4. Bd3 Nf6 5. h3 Nc6 6. Nf3 Nb4 7. Bb5+ Bd7 8. Bxd7+ Nxd7 9. Bf4 e6 10. 0-0 Be7 11. Re1 0-0 12. c3 Nc6 13. Nbd2 b5 14. Qe2 Qb6 15. Qd3 Na5 16. b3 Rfc8 17. Re3 Rc6 18. Bg5 Bf8 19. b4 Nc4 20. Nxc4 dxc4 21. Qd1 a5 22. a3 Qa6 23. Re1 f6 24. Bf4 Nb6 25. Bd2 Nd5 26. Qb1 Qa7 27. Qd1 Ra6 28. Rc1 axb4 29. axb4 Qf7 30. Qe2 Qg6 31. g3 R8a7 32. h4 Qg4 33. Kg2 h5 34. Rc2 Kf7 35. Rb1 Ra3 36. Rbb2 Ra1 37. Be3 Bd6 38. Ng1 Nxe3+ 39. Qxe3 Qd1 40. f4 Qf1+ 41. Kh2 R7a3 42. Re2 Qxg1+ 43. Qxg1 Rxg1 44. Kxg1 Rxc3 45. Kg2 Rd3 46. Ra2 Rxd4 47. Ra7+ Kg6 48. Rxe6 c3 49. Rxd6 Rxd6 50. Rc7 Kf5 51. Rxc3 Kg4 52. Rc7 Rd2+ 53. Kg1 Kxg3 54. Rxg7+ Kxf4 55. Rb7 Kg3 56. Rg7+ Kxh4 57. Rg6 f5 58. Rb6 Kg3 59. Rg6+ Kf4 60. Rb6 Rd5 61. Kf2 Ke4 62. Ke2 f4 63. Rb8 f3+ 64. Kf2 Rd2+ 65. Kf1 Ke3 66. Re8+ Kd4 67. Rf8 f2 68. Rf4+ Kc3 69. Rh4 Rb2 70. Rf4 0-1

[Event "Champions op"]
[Site "USA"]
[Date "1998.??.??"]
[Round "?"]
[White "Bouzoukis, Charles"]
[Black "Andrews, Todd D"]
[Result "1/2-1/2"]
[WhiteElo "2320"]
[BlackElo "2145"]
[PlyCount "30"]
[EventDate "1998.??.??"]
[EventType "swiss"]
[EventRounds "5"]
[EventCountry "USA"]
[SourceTitle "EXT 1999"]
[Source "ChessBase"]
[SourceDate "1998.11.16"]
[SourceVersion "1"]
[SourceVersionDate "1998.11.16"]
[SourceQuality "1"]

1. e4 e6 2. d4 d5 3. exd5 exd5 4. Nf3 Bg4 5. h3 Bh5 6. Qe2+ Qe7 7. Be3 Nc6 8. Nc3 0-0-0 9. 0-0-0 Qb4 10. g4 Bg6 11. a3 Qa5 12. Qb5 h5 13. Be2 Qxb5 14. Nxb5 a6 15. Nc3 hxg4 1/2-1/2

[Event "Atlantic op"]
[Site "Washington DC"]
[Date "1998.??.??"]
[Round "1"]
[White "Bouzoukis, Charles"]
[Black "Inocencio, Edgarlino S"]
[Result "0-1"]
[WhiteElo "2320"]
[BlackElo "2120"]
[PlyCount "72"]
[EventDate "1998.08.??"]
[EventType "swiss"]
[EventRounds "5"]
[EventCountry "USA"]
[SourceTitle "EXT 1999"]
[Source "ChessBase"]
[SourceDate "1998.11.16"]
[SourceVersion "1"]
[SourceVersionDate "1998.11.16"]
[SourceQuality "1"]

1. e4 c5 2. Nc3 Nc6 3. f4 d6 4. Nf3 e6 5. Bb5 Bd7 6. d3 a6 7. Bxc6 Bxc6 8. 0-0 b5 9. Qe2 Be7 10. Bd2 Ra7 11. Rae1 Rd7 12. Nd1 Nf6 13. e5 dxe5 14. Nxe5 Rd6 15. f5 Bb7 16. Ne3 0-0 17. fxe6 Rxe6 18. Nf5 Bd6 19. Nxd6 Qxd6 20. Bf4 Rfe8 21. Qe3 Qd5 22. Qf3 Qd4+ 23. Qe3 Qxe3+ 24. Rxe3 Nd5 25. Ref3 Nxf4 26. Rxf4 Rxe5 27. Rxf7 Bd5 28. R7f2 Re2 29. h3 c4 30. dxc4 Bxc4 31. Kh2 Rxf2 32. Rxf2 Re2 33. Rf4 Rxc2 34. b3 Bd5 35. Rd4 Rxg2+ 36. Kh1 Rd2+ 0-1

[Event "World op 24th"]
[Site "Philadelphia"]
[Date "1996.??.??"]
[Round "?"]
[White "Rajlich, Vasik G"]
[Black "Bouzoukis, Charles"]
[Result "0-1"]
[WhiteElo "2350"]
[BlackElo "2310"]
[PlyCount "36"]
[EventDate "1996.06.29"]
[EventType "swiss"]
[EventRounds "9"]
[EventCountry "USA"]
[SourceTitle "EXT 2001"]
[Source "ChessBase"]
[SourceDate "2000.11.22"]
[SourceVersion "1"]
[SourceVersionDate "2000.11.22"]
[SourceQuality "1"]

1. e4 e5 2. Nf3 Nc6 3. Bb5 Nf6 4. 0-0 Nxe4 5. d4 a6 6. Ba4 Be7 7. Re1 f5 8. d5 Na5 9. Nxe5 0-0 10. d6 Bxd6 11. Qd5+ Kh8 12. Qxa5 b5 13. f3 Bxe5 14. fxe4 Qh4 15. g3 Bxg3 16. hxg3 Qxg3+ 17. Kh1 fxe4 18. Qc3 e3 0-1

[Event "Somerset op"]
[Site "Somerset"]
[Date "1992.??.??"]
[Round "?"]
[White "Friedman, Aviv"]
[Black "Bouzoukis, Charles"]
[Result "1-0"]
[WhiteElo "2295"]
[BlackElo "2250"]
[PlyCount "67"]
[EventDate "1992.??.??"]
[EventType "swiss"]
[EventRounds "7"]
[EventCountry "USA"]
[SourceTitle "EXT 2000"]
[Source "ChessBase"]
[SourceDate "1999.11.16"]
[SourceVersion "1"]
[SourceVersionDate "1999.11.16"]
[SourceQuality "1"]

1. Nf3 d5 2. c4 e6 3. d4 c6 4. Nc3 dxc4 5. a4 Bb4 6. e3 b5 7. Ne5 Bb7 8. Bd2 a5 9. Qg4 Kf8 10. Be2 Nf6 11. Qf4 Nbd7 12. axb5 Bxc3 13. Bxc3 cxb5 14. Nxd7+ Nxd7 15. Bf3 Bxf3 16. Qxf3 Ke7 17. d5 f6 18. dxe6 Nc5 19. 0-0 b4 20. Rfd1 Nd3 21. Bd4 Kxe6 22. Qc6+ Kf5 23. Qxc4 Nxb2 24. Bxb2 Qc8 25. Rd5+ Kg6 26. Qe4+ Kf7 27. Rad1 Ra7 28. Qd4 Qc7 29. Rc1 Qe7 30. Rd6 Rb8 31. Qd5+ Kf8 32. Bd4 Rc7 33. Rxc7 Qxc7 34. Bc5 1-0